[Event "Defensa"]
[Site "http://www.queenalice.com/game.php?id=1622733"]
[Date "2020.8.4"]
[Round "-"]
[White "shogun"]
[Black "aledibattista"]
[Result "1-0"]
[WhiteElo "2584"]
[BlackElo "2240"]

1. e4 e5 2. Nf3 Nf6 3. d4 exd4 4. e5 Nd5 5. Qxd4 Nb6 6. Nc3 Nc6 7. Qe4 Be7 8.
Bf4 O-O 9. O-O-O f6 10. Bd3 f5 11. Qe2 Kh8 12. h4 d5 13. e6 a6 14. Ng5 Bxg5 15.
hxg5 Qe8 16. e7 Nxe7 17. Bxc7 d4 18. Bxb6 dxc3 19. Rde1 cxb2+ 20. Kb1 Bd7 21.
Qxe7 Qxe7 22. Rxe7 Bc6 23. Bd4 Bxg2 24. Rxg7 Bxh1 25. Rg6+ Rf6 26. Bxf6# 1-0

[Event "PEON_DAMA"]
[Site "http://www.queenalice.com/game.php?id=1623629"]
[Date "2020.8.13"]
[Round "-"]
[White "aledibattista"]
[Black "shogun"]
[Result "0-1"]
[WhiteElo "2211"]
[BlackElo "2588"]

1. d4 Nc6 2. d5 Ne5 3. f4 Ng6 4. e4 e6 5. dxe6 dxe6 6. Qxd8+ Kxd8 7. Bd3 Bc5 8.
Nf3 Nf6 9. c3 Ng4 10. Nd4 e5 11. fxe5 N4xe5 12. Bc2 f6 13. b4 Bb6 14. Be3 a5 15.
b5 Nc4 16. Bf2 a4 17. Nd2 Na3 18. Rc1 Nf4 19. Bg3 Nxc2+ 20. Rxc2 Nd3+ 21. Ke2
Nc5 22. Re1 Re8 23. Kf1 Bd7 24. Re3 Ne6 25. Nxe6+ Rxe6 26. Rd3 Ke7 27. c4 Be8
28. Rc1 Rd8 29. Rxd8 Kxd8 30. Re1 Bg6 31. Bf2 Ba5 32. Re2 Rd6 33. Be3 Bf7 34. c5
Rd3 35. Kf2 Bxa2 36. Nf3 Bc4 37. Nd4 a3 38. c6 b6 39. Rc2 a2 40. Rc1 Bd2 41.
Bxd2 Rxd2+ 42. Ke3 Rd3+ 43. Kf4 Rxd4 0-1

[Event "Defensa"]
[Site "http://www.queenalice.com/game.php?id=1625764"]
[Date "2020.9.3"]
[Round "-"]
[White "shogun"]
[Black "aledibattista"]
[Result "1/2-1/2"]
[WhiteElo "2590"]
[BlackElo "2203"]

1. e4 e6 2. d4 d5 3. Nc3 Nf6 4. Bd3 c5 5. Nf3 Nc6 6. exd5 exd5 7. dxc5 Bxc5 8.
O-O O-O 9. Bg5 Bg4 10. h3 Bh5 11. g4 Bg6 12. Bxf6 Qxf6 13. Bxg6 hxg6 14. Qxd5
Bb6 15. Kg2 Rad8 16. Qg5 Nd4 17. Qxf6 gxf6 18. Rac1 Rfe8 19. Rfd1 Kg7 20. a4 a6
21. Nxd4 Bxd4 22. Rb1 Bxc3 23. bxc3 Rxd1 24. Rxd1 Rc8 25. Rd3 Rc4 26. a5 Rc5 27.
Rd7 Rxa5 28. Rxb7 Rc5 29. Ra7 Rxc3 30. h4 Rxc2 31. Rxa6 Rc5 32. f3 f5 33. g5 Rc4
34. Kg3 Rc1 35. Rd6 Rh1 36. Rd4 Rg1+ 37. Kf2 Rh1 38. Rc4 Kg8 39. Kg2 Ra1 40. Rc2
Ra4 41. Kg3 Ra1 42. Rc7 Rg1+ 43. Kf4 Rh1 44. Rc8+ 1/2-1/2

[Event "Defensa"]
[Site "http://www.queenalice.com/game.php?id=1626157"]
[Date "2020.9.7"]
[Round "-"]
[White "shogun"]
[Black "aledibattista"]
[Result "1-0"]
[WhiteElo "2589"]
[BlackElo "2204"]

1. e4 e6 2. c4 c5 3. Nf3 Nc6 4. d4 cxd4 5. Nxd4 Nf6 6. Nc3 Bb4 7. Nxc6 Bxc3+ 8.
bxc3 dxc6 9. Qxd8+ Kxd8 10. e5 Nd7 11. Bf4 b6 12. O-O-O h6 13. h4 Bb7 14. Rh3
Ke7 15. Rg3 g6 16. Rgd3 Nc5 17. Rd4 Kf8 18. Be3 Kg7 19. h5 g5 20. f4 gxf4 21.
Rxf4 Rhd8 22. Rdd4 Rh8 23. Rf6 Rh7 24. Rg4+ Kh8 25. Bxc5 bxc5 26. Bd3 Rg7 27.
Rxh6+ Kg8 28. Rxg7+ Kxg7 29. Rh7+ Kg8 30. h6 Rf8 31. Rg7+ Kh8 32. g4 Bc8 33. g5
Bd7 34. Rh7+ Kg8 35. g6 1-0

[Event "HAPPY_DAY"]
[Site "http://www.queenalice.com/game.php?id=1627559"]
[Date "2020.9.20"]
[Round "-"]
[White "shogun"]
[Black "aledibattista"]
[Result "1-0"]
[WhiteElo "2583"]
[BlackElo "2214"]

1. e4 e6 2. c4 c5 3. Nf3 Nc6 4. Nc3 a6 5. Be2 Qc7 6. d4 cxd4 7. Nxd4 Bb4 8. Be3
Nf6 9. Qb3 Nxe4 10. Nxc6 Bxc3+ 11. bxc3 dxc6 12. O-O O-O 13. Bd3 Nf6 14. Bc5 Ng4
15. f4 Rd8 16. Be2 Nf6 17. Bb6 Qe7 18. Bxd8 Qxd8 19. Qb4 Qc7 20. c5 Nd5 21. Qd4
Bd7 22. c4 Nf6 23. Rab1 Re8 24. Qe5 Qxe5 25. fxe5 Ne4 26. Rxb7 Nxc5 27. Rc7 Rc8
28. Rxc8+ Bxc8 29. Rb1 Bb7 30. Kf2 g6 31. Ke3 1-0

[Event "Buen_día"]
[Site "http://www.queenalice.com/game.php?id=1628989"]
[Date "2020.10.5"]
[Round "-"]
[White "aledibattista"]
[Black "RaulSoft"]
[Result "0-1"]
[WhiteElo "2201"]
[BlackElo "2653"]

1. e4 e6 2. d4 d5 3. Nc3 Nf6 4. Bg5 dxe4 5. Nxe4 Be7 6. Bxf6 Bxf6 7. c3 Nd7 8.
Nf3 O-O 9. Bc4 Be7 10. O-O c5 11. Nxc5 Nxc5 12. dxc5 Bxc5 13. Qxd8 Rxd8 14. Rfd1
Bd7 15. Ne5 Be8 16. Kf1 b5 17. Bb3 Kf8 18. Ke2 Bd6 19. Nf3 b4 20. Kf1 bxc3 21.
bxc3 a5 22. Nd4 Be5 23. Rac1 Rdc8 24. Re1 Bf6 25. Ne2 a4 26. Bd1 Rab8 27. c4 Rb2
28. Rc2 a3 29. Rxb2 axb2 30. Bb3 Bc6 31. f3 Bb7 32. Kf2 Ba6 33. Ke3 Bxc4 34.
Bxc4 Rxc4 35. Kd3 Ra4 36. Kc2 Rxa2 37. Rb1 Ra5 38. Ng3 Rc5+ 39. Kd1 Rg5 40. Ke2
Rc5 41. Kd1 Be5 42. Ne4 Rb5 43. h3 f5 44. Nf2 Ke7 45. Kc2 Kf6 46. Nd3 Kg5 47.
Nxe5 Rxe5 48. Kd2 Rb5 49. Ke3 Kh4 50. Kf2 f4 51. Kf1 Kg3 52. Kg1 Rc5 0-1

[Event "Defensa"]
[Site "http://www.queenalice.com/game.php?id=1630013"]
[Date "2020.10.16"]
[Round "-"]
[White "aledibattista"]
[Black "RaulSoft"]
[Result "0-1"]
[WhiteElo "2207"]
[BlackElo "2639"]

1. e4 e6 2. d4 d5 3. e5 c5 4. c3 Nc6 5. Nf3 Bd7 6. Bd3 cxd4 7. cxd4 Qb6 8. Nbd2
Nb4 9. Be2 Rc8 10. O-O Ne7 11. Nb3 Ba4 12. Bd2 Nxa2 13. Rxa2 Bxb3 14. Qa1 Bxa2
15. Qxa2 Nc6 16. Rc1 Bb4 17. Bc3 O-O 18. Bd3 h6 19. h3 Bxc3 20. bxc3 Nb4 21. Qb1
Nxd3 22. Qxd3 a5 23. Rb1 Rxc3 24. Rxb6 Rxd3 25. Rxb7 Rd1+ 26. Kh2 Ra8 0-1

[Event "Buen_día"]
[Site "http://www.queenalice.com/game.php?id=1630128"]
[Date "2020.10.17"]
[Round "-"]
[White "aledibattista"]
[Black "shogun"]
[Result "0-1"]
[WhiteElo "2200"]
[BlackElo "2586"]

1. d4 Nc6 2. Nf3 d6 3. d5 Ne5 4. Nxe5 dxe5 5. Nc3 e6 6. a3 Nf6 7. Bg5 exd5 8.
Bxf6 Qxf6 9. Nxd5 Qd6 10. e4 c6 11. Ne3 Qd4 12. Qxd4 exd4 13. Nc4 Be6 14. Nd2 f6
15. Bc4 Bd7 16. O-O O-O-O 17. b4 Bd6 18. Nb3 Rhe8 19. Rfe1 Be5 20. Rad1 b5 21.
Bf1 Be6 22. Nc5 Bf7 23. a4 bxa4 24. Nxa4 Bd6 25. Rxd4 Bxh2+ 26. Kxh2 Rxd4 27.
Ba6+ Kc7 28. Nc5 Rxb4 29. Bd3 Kd6 30. Na6 Rd4 31. Rb1 c5 32. Rb7 Re7 33. Rxe7
Kxe7 34. Nxc5 Bc4 0-1

[Event "Jaque"]
[Site "http://www.queenalice.com/game.php?id=1630628"]
[Date "2020.10.23"]
[Round "-"]
[White "shogun"]
[Black "aledibattista"]
[Result "1-0"]
[WhiteElo "2587"]
[BlackElo "2193"]

1. e4 e6 2. c4 c5 3. Nf3 Nc6 4. Nc3 e5 5. Be2 Nf6 6. O-O Be7 7. d3 d6 8. Nd5 O-O
9. Qb3 Rb8 10. h3 h6 11. Bd2 Bd7 12. Rfe1 Re8 13. Qa3 a5 14. Ne3 b6 15. Bd1 Nd4
16. b3 Ra8 17. Qb2 b5 18. cxb5 Bxb5 19. Nc4 Bxc4 20. bxc4 Qc7 21. Nxd4 cxd4 22.
Ba4 Reb8 23. Qc2 Nd7 24. Bxd7 Qxd7 25. a4 Bg5 26. Bxg5 hxg5 27. Reb1 Rb4 28.
Rxb4 axb4 29. Qb3 Rb8 30. a5 Qb7 31. Ra4 Kh7 32. Kf1 f6 33. Ke2 Kg6 34. Kd2 Kh7
35. Kc2 Kg6 36. f3 Kh7 37. Ra1 Ra8 38. Qa4 Rb8 39. Kb3 Kg6 40. a6 Qa7 41. Qc6
Rd8 42. Qb7 Ra8 43. Qxa7 Rxa7 44. Kxb4 1-0

[Event "Jaque"]
[Site "http://www.queenalice.com/game.php?id=1630943"]
[Date "2020.10.26"]
[Round "-"]
[White "aledibattista"]
[Black "shogun"]
[Result "0-1"]
[WhiteElo "2199"]
[BlackElo "2587"]

1. b3 Nc6 2. Bb2 Nf6 3. d4 d5 4. e3 Bf5 5. a3 e6 6. Bd3 Ne4 7. Nf3 Qf6 8. Bb5 a6
9. Bxc6+ bxc6 10. Nbd2 Bd6 11. c4 Rb8 12. Ra2 Nxd2 13. Nxd2 Qg6 14. g3 Bc2 15.
Qc1 Bxb3 16. Nxb3 Rxb3 17. c5 Qe4 18. O-O Be7 19. Bc3 h5 20. f3 Qd3 21. Bd2 h4
22. g4 f5 23. a4 f4 24. Re1 h3 25. Qc2 Bh4 26. Qxd3 Rxd3 27. Re2 O-O 28. Ra1
fxe3 29. Bxe3 Rxf3 30. Bf2 Bxf2+ 31. Rxf2 Rfe3 0-1

[Event "Defensa"]
[Site "http://www.queenalice.com/game.php?id=1634693"]
[Date "2020.11.29"]
[Round "-"]
[White "shogun"]
[Black "aledibattista"]
[Result "1-0"]
[WhiteElo "2590"]
[BlackElo "2194"]

1. e4 d5 2. exd5 Nf6 3. c4 c6 4. d4 cxd5 5. Nc3 e6 6. Nf3 Be7 7. cxd5 exd5 8.
Bd3 O-O 9. O-O Nc6 10. Re1 Bg4 11. Be3 Re8 12. h3 Bh5 13. g4 Bg6 14. Bf4 Bxd3
15. Qxd3 Nb4 16. Qd2 Nc6 17. a3 a6 18. Kg2 Qd7 19. Ne5 Nxe5 20. dxe5 Nxg4 21.
Nxd5 Bc5 22. Rac1 Ba7 23. Rc7 Qe6 24. hxg4 Rad8 25. Rd1 Qxg4+ 26. Bg3 h5 27.
Ne7+ Kh7 28. Qc2+ g6 29. Qb3 Rxd1 30. Qxf7+ Kh6 31. Nf5+ Qxf5 32. Bf4+ Qxf4 33.
Qxf4+ 1-0

[Event "Defensa_"]
[Site "http://www.queenalice.com/game.php?id=1635495"]
[Date "2020.12.6"]
[Round "-"]
[White "shogun"]
[Black "aledibattista"]
[Result "1-0"]
[WhiteElo "2596"]
[BlackElo "2192"]

1. e4 c5 2. Nf3 e6 3. c4 Nc6 4. d4 cxd4 5. Nxd4 Nf6 6. Nc3 Bb4 7. Nxc6 bxc6 8.
Bd3 d6 9. O-O O-O 10. Na4 h6 11. Be3 e5 12. a3 Ba5 13. b4 Bb6 14. c5 dxc5 15.
Bxc5 Bxc5 16. Nxc5 Qe7 17. Qa4 Be6 18. Qxc6 Rac8 19. Qb5 Rfd8 20. Rfd1 Nh5 21.
Bf1 Nf4 22. Nxe6 Qxe6 23. g3 Ng6 24. Rxd8+ Rxd8 25. Rc1 Qf6 26. Qb7 Qb6 27. Qxb6
axb6 28. Rc7 f6 29. a4 Rd4 30. a5 bxa5 31. bxa5 Rxe4 32. a6 Ra4 33. a7 Kh7 34.
Bb5 Ra1+ 35. Kg2 Nf8 36. Bd3+ Kg8 37. Be4 1-0

[Event "Sorpresa."]
[Site "http://www.queenalice.com/game.php?id=1640151"]
[Date "2021.1.16"]
[Round "-"]
[White "shogun"]
[Black "aledibattista"]
[Result "1-0"]
[WhiteElo "2595"]
[BlackElo "2193"]

1. e4 Nc6 2. d4 d5 3. Nc3 e6 4. Nf3 Bb4 5. e5 Nge7 6. a3 Bxc3+ 7. bxc3 h6 8. Nh4
Bd7 9. Qg4 Rg8 10. Bd3 g5 11. Nf3 Nf5 12. h4 Qe7 13. hxg5 O-O-O 14. Qh5 Ng7 15.
Qxh6 Nf5 16. Qf6 Qf8 17. Rh7 Rh8 18. Rxf7 Rh1+ 19. Ke2 Qg8 20. Bxf5 exf5 21. g6
Re8 22. g7 Qh7 23. Rf8 f4 24. Rxe8+ Bxe8 25. Bxf4 Rxa1 26. Qe6+ 1-0

[Event "Defensa__"]
[Site "http://www.queenalice.com/game.php?id=1766452"]
[Date "2021.8.8"]
[Round "-"]
[White "shogun"]
[Black "aledibattista"]
[Result "1-0"]
[WhiteElo "2590"]
[BlackElo "2181"]

1. e4 Nc6 2. d4 d5 3. Nc3 dxe4 4. d5 Nb8 5. Nxe4 Nf6 6. Nxf6+ exf6 7. Bf4 Be7 8.
Qd2 O-O 9. O-O-O Bd6 10. Nf3 Nd7 11. Bxd6 cxd6 12. Re1 Ne5 13. Nd4 a6 14. Kb1
Qc7 15. f4 Ng6 16. Bd3 b5 17. h4 1-0